00357nam a2200145Ia 4500008004100000041000800041082001100049100002700060245002700087250000900114260005200123300000900175365000800184999001900192231011s9999 xx 000 0 und d aeng a657.42 aLal Jawahar/Srivastava aCost Accounting [ Lal] a4th  bTata Mcgraw Hill pub Co Ltd .,New Delhi -c2010 a1017 b340 c891971d891971